The natha philosophy and asthanga-yoga / (Record no. 144201)

MARC details
000 -LEADER
fixed length control field 00489nam a22001697a 4500
010 ## - LCCN (DPL NO)
LC control number ENG-120519
020 ## - INTERNATIONAL STANDARD BOOK NUMBER
Terms of availability 600.00
035 ## - SYSTEM CONTROL NUMBER
System control number EN-104051
037 ## - SOURCE OF ACQUISITION
Source of stock number/acquisition DBAD/PUB
082 ## - DEWEY DECIMAL CLASSIFICATION NUMBER
Classification number 181.41
100 ## - MAIN ENTRY--PERSONAL NAME
Personal name Bhatnagar, V.S.
245 ## - TITLE STATEMENT
Title The natha philosophy and asthanga-yoga /
Statement of responsibility, etc by V.S.Bhatnagar
260 ## - PUBLICATION, DISTRIBUTION, ETC. (IMPRINT)
Place of publication, distribution, etc New Delhi
Name of publisher, distributor, etc Aditya Prakashan
Date of publication, distribution, etc 2012
270 ## - ADDRESS
Address 2/18, Ansari Road,
City Delhi
Postal code 110002
300 ## - PHYSICAL DESCRIPTION
Extent x,179p. :
Other physical details 23cm(Hb).
Dimensions ill.
942 ## - ADDED ENTRY ELEMENTS (KOHA)
Source of classification or shelving scheme Dewey Decimal Classification
Item type English Books
Classification part 181.41
Call number suffix BHA
Holdings
Withdrawn status Lost status Not for loan Collection code Home library Current library Date acquired Source of acquisition Cost, normal purchase price Full call number Barcode Copy number Cost, replacement price Koha item type
      Non-fiction Shahdara Branch Shahdara Branch 08/09/2017 DBAD/PUB 600.00 181.41 BHA EN-104051 1 600.00 English Books

© Delhi Public Library
Hit Counter
free hit counter